[Event "Azerbaijan Chess Championship2015 - Men"]
[Site ""]
[Date "2015.01.07"]
[Round "2"]
[Board "8"]
[White "Sevdimaliyev, Urfan"]
[Black "Iskandarov, Misratdin"]
[Result "0-1"]
[WhiteElo "2505"]
[BlackElo "2405"]
[PlyCount "0"]
[EventDate "2015.01.06"]
[EventRounds "9"]
[EventCountry "AZE"]

1. e4 {[%clk 1:30:57]} c5 {[%clk 1:30:46]} 2. Nf3 {[%clk 1:31:21]} d6
{[%clk 1:31:08]} 3. d4 {[%clk 1:31:38]} cxd4 {[%clk 1:31:31]} 4. Nxd4
{[%clk 1:32:05]} Nf6 {[%clk 1:31:53]} 5. Nc3 {[%clk 1:32:13]} a6 {[%clk 1:32:16]}
6. Be3 {[%clk 1:31:49]} e5 {[%clk 1:32:36]} 7. Nb3 {[%clk 1:32:08]} Be7
{[%clk 1:32:56]} 8. f3 {[%clk 1:31:02]} Be6 {[%clk 1:32:30]} 9. Qd2
{[%clk 1:31:18]} Nbd7 {[%clk 1:32:44]} 10. g4 {[%clk 1:28:57]} O-O
{[%clk 1:32:00]} 11. O-O-O {[%clk 1:28:46]} b5 {[%clk 1:31:37]} 12. g5
{[%clk 1:19:58]} Nh5 {[%clk 1:31:28]} 13. Kb1 {[%clk 1:15:45]} Nb6
{[%clk 1:30:29]} 14. Rg1 {[%clk 1:10:13]} Qc7 {[%clk 1:16:12]} 15. Qf2
{[%clk 0:58:55]} Nc4 {[%clk 1:11:01]} 16. Bxc4 {[%clk 0:50:00]} bxc4
{[%clk 1:11:25]} 17. Nc1 {[%clk 0:48:16]} Rab8 {[%clk 1:10:11]} 18. N1e2
{[%clk 0:44:11]} Qb7 {[%clk 1:07:30]} 19. Bc1 {[%clk 0:44:02]} f5
{[%clk 1:05:36]} 20. gxf6 {[%clk 0:42:25]} Nxf6 {[%clk 1:01:03]} 21. Qg2
{[%clk 0:40:40]} Rf7 {[%clk 1:01:09]} 22. f4 {[%clk 0:36:07]} Bd7
{[%clk 0:50:51]} 23. f5 {[%clk 0:25:01]} Bc6 {[%clk 0:46:57]} 24. Ng3
{[%clk 0:24:40]} Qb4 {[%clk 0:32:45]} 25. Ka1 {[%clk 0:19:23]} Bd8
{[%clk 0:29:44]} 26. Rge1 {[%clk 0:08:54]} Ba5 {[%clk 0:27:45]} 27. Qf3
{[%clk 0:08:02]} Rfb7 {[%clk 0:21:22]} 28. Nge2 {[%clk 0:07:29]} Bb6
{[%clk 0:17:21]} 29. a3 {[%clk 0:03:49]} Qc5 {[%clk 0:17:07]} 30. h4
{[%clk 0:02:03]} Rd7 {[%clk 0:08:40]} 31. Bg5 {[%clk 0:01:03]} Qa5
{[%clk 0:08:00]} 32. h5 {[%clk 0:00:45]} Bc5 {[%clk 0:08:07]} 33. Nd5
{[%clk 0:00:40]} Nxe4 {[%clk 0:05:09]} 34. Ne7+ {[%clk 0:00:42]} Rxe7
{[%clk 0:05:28]} 35. Bxe7 {[%clk 0:01:09]} c3 {[%clk 0:05:36]} 36. Nxc3
{[%clk 0:00:40]} Bxa3 {[%clk 0:05:57]} 37. b3 {[%clk 0:00:36]} Nxc3
{[%clk 0:05:58]} 0-1

[Event "Azerbaijan Chess Championship2015 - Men"]
[Site ""]
[Date "2015.01.07"]
[Round "2"]
[Board "9"]
[White "Izzat, Kanan"]
[Black "Shabanov, Nurlan"]
[Result "1-0"]
[WhiteElo "2424"]
[BlackElo "2165"]
[PlyCount "0"]
[EventDate "2015.01.06"]
[EventRounds "9"]
[EventCountry "AZE"]

1. d4 {[%clk 1:30:58]} Nf6 {[%clk 1:30:54]} 2. c4 {[%clk 1:31:15]} e5
{[%clk 1:31:17]} 3. dxe5 {[%clk 1:31:31]} Ng4 {[%clk 1:31:41]} 4. Bf4
{[%clk 1:25:45]} g5 {[%clk 1:31:54]} 5. Bd2 {[%clk 1:26:11]} Nxe5
{[%clk 1:30:33]} 6. Bc3 {[%clk 1:26:34]} Bg7 {[%clk 1:28:48]} 7. e3
{[%clk 1:26:33]} Qe7 {[%clk 1:21:28]} 8. Be2 {[%clk 1:23:24]} O-O
{[%clk 1:14:58]} 9. Nf3 {[%clk 1:22:37]} Nbc6 {[%clk 1:11:12]} 10. O-O
{[%clk 1:18:50]} d6 {[%clk 1:09:22]} 11. Qc2 {[%clk 1:06:58]} f5 {[%clk 1:02:15]}
12. Nbd2 {[%clk 0:57:59]} f4 {[%clk 0:51:39]} 13. Nxe5 {[%clk 0:52:36]} Nxe5
{[%clk 0:50:58]} 14. exf4 {[%clk 0:42:30]} gxf4 {[%clk 0:49:20]} 15. Nf3
{[%clk 0:40:46]} Bf5 {[%clk 0:37:09]} 16. Qd2 {[%clk 0:41:09]} Be4
{[%clk 0:37:09]} 17. Kh1 {[%clk 0:30:21]} Rad8 {[%clk 0:24:01]} 18. Rae1
{[%clk 0:25:53]} Bc6 {[%clk 0:23:49]} 19. Nd4 {[%clk 0:22:53]} Qg5
{[%clk 0:18:59]} 20. f3 {[%clk 0:15:44]} Rde8 {[%clk 0:14:56]} 21. c5
{[%clk 0:12:55]} d5 {[%clk 0:11:39]} 22. b3 {[%clk 0:08:02]} Qh5 {[%clk 0:08:09]}
23. Bb5 {[%clk 0:05:12]} Qg6 {[%clk 0:04:27]} 24. Re2 {[%clk 0:03:22]} Kh8
{[%clk 0:02:13]} 25. Rfe1 {[%clk 0:03:42]} a6 {[%clk 0:01:56]} 26. Nxc6
{[%clk 0:02:50]} Nxc6 {[%clk 0:02:09]} 27. Bxc6 {[%clk 0:01:12]} bxc6
{[%clk 0:02:22]} 28. Bxg7+ {[%clk 0:01:04]} Kxg7 {[%clk 0:02:44]} 29. h3
{[%clk 0:01:02]} Rxe2 {[%clk 0:01:02]} 30. Qxe2 {[%clk 0:00:58]} d4
{[%clk 0:00:39]} 31. Qc4 {[%clk 0:00:37]} Rd8 {[%clk 0:00:35]} 32. Re7+
{[%clk 0:00:43]} Kf8 {[%clk 0:00:51]} 33. Re4 {[%clk 0:00:44]} Qf6
{[%clk 0:00:53]} 34. Qd3 {[%clk 0:00:48]} Rd5 {[%clk 0:00:36]} 35. b4
{[%clk 0:00:32]} Qh4 {[%clk 0:00:32]} 36. Qd2 {[%clk 0:00:45]} Kg8
{[%clk 0:00:31]} 37. Rxf4 {[%clk 0:01:04]} Qd8 {[%clk 0:00:37]} 38. Rg4+
{[%clk 0:01:16]} Kh8 {[%clk 0:00:53]} 39. Qh6 {[%clk 0:00:54]} Rd7
{[%clk 0:00:33]} 40. Qe6 {[%clk 0:30:36]} Rd5 {[%clk 0:30:33]} 41. Qh6
{[%clk 0:19:52]} Rd7 {[%clk 0:26:26]} 42. Qe6 {[%clk 0:16:18]} Rd5
{[%clk 0:25:19]} 43. Qf7 {[%clk 0:15:43]} Rd7 {[%clk 0:24:28]} 44. Qf5
{[%clk 0:15:34]} Rd5 {[%clk 0:23:18]} 45. Qd3 {[%clk 0:15:03]} Qf6
{[%clk 0:20:26]} 46. a4 {[%clk 0:13:45]} Rd8 47. a5 {[%clk 0:14:05]} Qe5
{[%clk 0:13:36]} 48. Re4 {[%clk 0:14:22]} Qg3 {[%clk 0:13:40]} 49. Re6
{[%clk 0:12:17]} Qg5 {[%clk 0:11:43]} 50. Kg1 {[%clk 0:09:22]} Qd5
{[%clk 0:08:36]} 51. Re7 {[%clk 0:08:52]} Qh5 {[%clk 0:07:31]} 52. Kf1
{[%clk 0:08:40]} Qh4 {[%clk 0:07:33]} 53. Qe4 {[%clk 0:05:40]} Qh5
{[%clk 0:04:29]} 54. Qxc6 {[%clk 0:03:59]} Qg5 {[%clk 0:02:38]} 55. Qxc7
{[%clk 0:02:24]} Qc1+ {[%clk 0:02:58]} 56. Kf2 {[%clk 0:02:44]} 1-0

[Event "Azerbaijan Chess Championship2015 - Men"]
[Site ""]
[Date "2015.01.07"]
[Round "2"]
[Board "10"]
[White "Sadikhov, Ulvi"]
[Black "Asadli, Vugar"]
[Result "1/2-1/2"]
[WhiteElo "2414"]
[BlackElo "2127"]
[PlyCount "0"]
[EventDate "2015.01.06"]
[EventRounds "9"]
[EventCountry "AZE"]

1. e4 {[%clk 1:30:59]} c5 {[%clk 1:30:43]} 2. Nf3 {[%clk 1:31:23]} e6
{[%clk 1:31:07]} 3. d3 {[%clk 1:31:27]} Nc6 4. g3 {[%clk 1:31:37]} g6
{[%clk 1:28:35]} 5. Bg2 {[%clk 1:32:02]} Bg7 {[%clk 1:28:59]} 6. O-O
{[%clk 1:32:26]} Nge7 {[%clk 1:28:48]} 7. Re1 {[%clk 1:32:40]} d6
{[%clk 1:27:55]} 8. c3 {[%clk 1:32:13]} O-O {[%clk 1:26:53]} 9. Na3
{[%clk 1:25:34]} b6 {[%clk 1:20:11]} 10. h4 {[%clk 1:20:40]} Ne5 {[%clk 1:13:21]}
11. Nh2 {[%clk 1:16:09]} Ba6 {[%clk 1:09:00]} 12. Bf1 {[%clk 1:16:09]} d5
{[%clk 1:02:42]} 13. f4 {[%clk 1:11:48]} N5c6 {[%clk 0:59:34]} 14. Qa4
{[%clk 0:52:44]} Bb7 {[%clk 0:50:44]} 15. Qc2 {[%clk 0:50:26]} Qd7
{[%clk 0:43:39]} 16. Nf3 {[%clk 0:44:52]} Rad8 {[%clk 0:39:25]} 17. h5
{[%clk 0:40:50]} e5 {[%clk 0:35:21]} 18. Qh2 {[%clk 0:38:30]} Bc8
{[%clk 0:22:10]} 19. Kf2 {[%clk 0:24:16]} h6 {[%clk 0:18:01]} 20. Be2
{[%clk 0:19:26]} Qh3 {[%clk 0:16:53]} 21. Qg1 {[%clk 0:14:40]} Bg4
{[%clk 0:15:51]} 22. hxg6 {[%clk 0:13:54]} fxg6 {[%clk 0:15:51]} 23. Qg2
{[%clk 0:13:43]} Qxg2+ {[%clk 0:15:15]} 24. Kxg2 {[%clk 0:14:12]} d4
{[%clk 0:14:57]} 25. c4 {[%clk 0:11:20]} Rf7 {[%clk 0:14:33]} 26. Nc2
{[%clk 0:10:25]} Rdf8 {[%clk 0:13:55]} 27. Nfxd4 {[%clk 0:09:17]} Nxd4
{[%clk 0:13:05]} 28. Nxd4 {[%clk 0:09:31]} Bxe2 {[%clk 0:13:29]} 29. Nxe2
{[%clk 0:09:59]} Nc6 {[%clk 0:13:26]} 30. Rd1 {[%clk 0:07:42]} exf4
{[%clk 0:12:42]} 31. gxf4 {[%clk 0:07:10]} g5 {[%clk 0:13:08]} 1/2-1/2

[Event "Azerbaijan Chess Championship2015 - Men"]
[Site ""]
[Date "2015.01.07"]
[Round "2"]
[Board "11"]
[White "Heydarli, Kanan"]
[Black "Bayramov, Elvin"]
[Result "1/2-1/2"]
[WhiteElo "2273"]
[BlackElo "2051"]
[PlyCount "0"]
[EventDate "2015.01.06"]
[EventRounds "9"]
[EventCountry "AZE"]

1. Nf3 {[%clk 1:30:54]} Nf6 {[%clk 1:30:34]} 2. d4 {[%clk 1:31:14]} g6
{[%clk 1:30:59]} 3. c4 {[%clk 1:31:34]} Bg7 {[%clk 1:31:27]} 4. g3
{[%clk 1:31:53]} b6 {[%clk 1:30:06]} 5. Bg2 {[%clk 1:28:05]} Bb7 {[%clk 1:28:46]}
6. Nc3 {[%clk 1:26:08]} e6 {[%clk 1:26:06]} 7. b3 {[%clk 1:21:06]} Ne4
{[%clk 1:17:43]} 8. Bb2 {[%clk 1:18:34]} d6 {[%clk 1:12:40]} 9. Qc2
{[%clk 1:14:16]} Nxc3 {[%clk 1:10:19]} 10. Bxc3 {[%clk 1:14:05]} Nd7
{[%clk 1:10:41]} 11. d5 {[%clk 1:11:03]} Bxc3+ {[%clk 1:06:56]} 12. Qxc3
{[%clk 1:11:31]} Qf6 {[%clk 1:07:15]} 13. Nd4 {[%clk 1:03:20]} O-O
{[%clk 1:03:48]} 14. O-O {[%clk 1:02:58]} e5 {[%clk 0:58:26]} 15. Nc2
{[%clk 1:02:47]} Qg7 {[%clk 0:56:39]} 16. e4 {[%clk 1:01:34]} Rae8
{[%clk 0:51:30]} 17. b4 {[%clk 0:55:43]} f5 {[%clk 0:50:34]} 18. a4
{[%clk 0:55:59]} fxe4 {[%clk 0:46:07]} 19. Bxe4 {[%clk 0:56:15]} a6
{[%clk 0:44:58]} 20. Ne3 {[%clk 0:55:06]} a5 {[%clk 0:42:08]} 21. bxa5
{[%clk 0:55:10]} Nc5 {[%clk 0:42:33]} 22. Bc2 {[%clk 0:53:45]} bxa5
{[%clk 0:42:25]} 23. Qxa5 {[%clk 0:53:50]} Bc8 {[%clk 0:41:10]} 24. Qc3
{[%clk 0:51:28]} Bh3 {[%clk 0:38:18]} 25. Ng2 {[%clk 0:47:06]} Qd7
{[%clk 0:34:35]} 26. Rfe1 {[%clk 0:43:18]} Bg4 {[%clk 0:25:19]} 27. Re3
{[%clk 0:40:46]} Bf5 {[%clk 0:23:49]} 28. a5 {[%clk 0:38:54]} Ra8
{[%clk 0:20:25]} 29. f4 {[%clk 0:35:57]} Bxc2 {[%clk 0:17:36]} 30. Qxc2
{[%clk 0:36:16]} e4 {[%clk 0:14:40]} 31. Rea3 {[%clk 0:36:20]} Ra6
{[%clk 0:13:37]} 32. Qc3 {[%clk 0:34:41]} Rb8 {[%clk 0:13:26]} 33. Ne3
{[%clk 0:34:44]} Qg7 {[%clk 0:11:23]} 34. Nd1 {[%clk 0:32:53]} Qe7
{[%clk 0:09:32]} 35. Nf2 {[%clk 0:32:23]} Qg7 {[%clk 0:07:57]} 36. Qxg7+
{[%clk 0:31:07]} Kxg7 {[%clk 0:08:24]} 37. Re1 {[%clk 0:31:12]} Rb4
{[%clk 0:08:11]} 38. Nxe4 {[%clk 0:28:48]} Rxc4 {[%clk 0:08:37]} 39. Ng5
{[%clk 0:28:39]} h6 {[%clk 0:07:01]} 40. Ne6+ {[%clk 0:55:55]} Nxe6
{[%clk 0:36:09]} 41. dxe6 {[%clk 0:56:22]} Kf8 {[%clk 0:36:05]} 42. e7+
{[%clk 0:56:15]} Ke8 {[%clk 0:36:31]} 43. Rb3 {[%clk 0:56:41]} Ra8
{[%clk 0:36:56]} 44. a6 {[%clk 0:56:58]} Ra4 {[%clk 0:36:42]} 45. Rb7
{[%clk 0:57:08]} R4xa6 {[%clk 0:35:18]} 46. Rxc7 {[%clk 0:55:53]} Ra1
{[%clk 0:35:41]} 47. Rxa1 {[%clk 0:51:06]} Rxa1+ {[%clk 0:36:03]} 48. Kg2
{[%clk 0:50:03]} Ra2+ {[%clk 0:36:05]} 49. Kf3 Rxh2 50. Ke4 Re2+ 51. Kd5 Rxe7
 1/2-1/2

[Event "Azerbaijan Chess Championship2015 - Men"]
[Site ""]
[Date "2015.01.08"]
[Round "3"]
[Board "1"]
[White "Mamedov, Rauf"]
[Black "Mammadov, Zaur"]
[Result "1-0"]
[WhiteElo "2642"]
[BlackElo "2487"]
[PlyCount "0"]
[EventDate "2015.01.06"]
[EventRounds "9"]
[EventCountry "AZE"]

1. c4 {[%clk 1:30:47]} c6 {[%clk 1:30:49]} 2. d4 {[%clk 1:31:14]} d5
{[%clk 1:31:13]} 3. Nf3 {[%clk 1:31:41]} Nf6 {[%clk 1:31:30]} 4. g3
{[%clk 1:32:08]} Bf5 {[%clk 1:29:21]} 5. Nc3 {[%clk 1:30:16]} e6 {[%clk 1:29:17]}
6. Bg2 {[%clk 1:29:28]} Nbd7 {[%clk 1:28:51]} 7. Nh4 {[%clk 1:29:03]} Bg4
{[%clk 1:28:22]} 8. h3 {[%clk 1:20:09]} Bh5 {[%clk 1:28:43]} 9. cxd5
{[%clk 1:14:45]} Nxd5 {[%clk 1:16:07]} 10. O-O {[%clk 1:10:41]} Be7
{[%clk 1:09:31]} 11. Nf3 {[%clk 1:10:22]} O-O {[%clk 1:09:46]} 12. e4
{[%clk 1:04:46]} N5b6 13. Bf4 {[%clk 1:01:02]} c5 {[%clk 0:50:24]} 14. Nb5
{[%clk 0:47:03]} Nf6 {[%clk 0:38:48]} 15. Qe2 {[%clk 0:40:01]} cxd4
{[%clk 0:32:07]} 16. Rfd1 {[%clk 0:38:45]} Bc5 17. g4 {[%clk 0:37:27]} Bg6
{[%clk 0:30:26]} 18. Nfxd4 {[%clk 0:36:32]} Qe7 {[%clk 0:30:12]} 19. Nb3
{[%clk 0:36:09]} e5 {[%clk 0:19:25]} 20. Bg5 {[%clk 0:36:03]} Rfc8
{[%clk 0:18:31]} 21. Rac1 {[%clk 0:31:26]} Na4 {[%clk 0:14:42]} 22. Nxc5
{[%clk 0:24:01]} Rxc5 {[%clk 0:14:26]} 23. Rxc5 {[%clk 0:09:36]} Nxc5
{[%clk 0:14:20]} 24. Nc3 {[%clk 0:09:53]} Qe6 {[%clk 0:12:14]} 25. b4
{[%clk 0:09:41]} Na6 {[%clk 0:10:19]} 26. Qb5 {[%clk 0:08:20]} Rb8
{[%clk 0:08:49]} 27. Qa5 {[%clk 0:07:14]} Nd7 {[%clk 0:06:39]} 28. Nd5
{[%clk 0:07:23]} h6 {[%clk 0:02:51]} 29. Be3 {[%clk 0:07:44]} Rc8
{[%clk 0:03:12]} 30. Bxa7 {[%clk 0:06:43]} Kh7 {[%clk 0:02:38]} 31. Qb5
{[%clk 0:05:41]} Qc6 {[%clk 0:02:27]} 32. Qd3 {[%clk 0:04:38]} Qc4
{[%clk 0:02:06]} 33. Qxc4 {[%clk 0:03:38]} Rxc4 {[%clk 0:02:35]} 34. a3
{[%clk 0:01:51]} Nf8 {[%clk 0:01:42]} 35. Bf1 {[%clk 0:01:45]} Rc8
{[%clk 0:01:06]} 36. Ne7 {[%clk 0:01:00]} Rc3 {[%clk 0:00:54]} 37. Nd5
{[%clk 0:01:02]} Rc8 {[%clk 0:00:56]} 38. b5 {[%clk 0:01:19]} Ra8
{[%clk 0:01:11]} 39. Be3 {[%clk 0:01:21]} Nb8 {[%clk 0:01:38]} 40. Nb6
{[%clk 0:31:41]} Rxa3 {[%clk 0:31:04]} 41. Bc5 {[%clk 0:31:50]} Rb3
{[%clk 0:30:56]} 42. Bxf8 {[%clk 0:32:07]} Bxe4 {[%clk 0:31:22]} 43. Bd6
{[%clk 0:32:26]} 1-0

[Event "Azerbaijan Chess Championship2015 - Men"]
[Site ""]
[Date "2015.01.08"]
[Round "3"]
[Board "2"]
[White "Iskandarov, Misratdin"]
[Black "Safarli, Eltaj"]
[Result "0-1"]
[WhiteElo "2405"]
[BlackElo "2635"]
[PlyCount "0"]
[EventDate "2015.01.06"]
[EventRounds "9"]
[EventCountry "AZE"]

1. e4 {[%clk 1:30:57]} c5 {[%clk 1:30:48]} 2. Nf3 {[%clk 1:31:19]} Nc6
{[%clk 1:31:09]} 3. Bb5 {[%clk 1:29:54]} d6 {[%clk 1:31:11]} 4. O-O
{[%clk 1:29:56]} Bd7 {[%clk 1:31:29]} 5. Re1 {[%clk 1:29:33]} Nf6
{[%clk 1:31:48]} 6. c3 {[%clk 1:28:25]} a6 {[%clk 1:32:10]} 7. Bf1
{[%clk 1:28:44]} Bg4 {[%clk 1:32:31]} 8. h3 {[%clk 1:28:44]} Bxf3
{[%clk 1:32:54]} 9. Qxf3 {[%clk 1:29:08]} e6 {[%clk 1:33:20]} 10. d3
{[%clk 1:23:35]} Be7 {[%clk 1:33:00]} 11. Qg3 {[%clk 1:23:37]} O-O
{[%clk 1:32:24]} 12. Nd2 {[%clk 1:22:23]} Nd7 {[%clk 1:28:50]} 13. Nf3
{[%clk 1:13:29]} Nde5 {[%clk 1:27:30]} 14. Be3 {[%clk 1:09:05]} Nxf3+
{[%clk 1:21:38]} 15. Qxf3 {[%clk 1:04:13]} Bg5 {[%clk 1:22:02]} 16. Rad1
{[%clk 0:55:56]} e5 17. Qg3 {[%clk 0:53:47]} Bxe3 {[%clk 1:15:03]} 18. fxe3
{[%clk 0:53:53]} b5 {[%clk 0:52:50]} 19. d4 {[%clk 0:51:39]} Qc7 {[%clk 0:48:02]}
20. dxc5 {[%clk 0:51:05]} dxc5 {[%clk 0:48:28]} 21. Rd5 {[%clk 0:48:58]} Ne7
{[%clk 0:48:34]} 22. Rd2 {[%clk 0:49:17]} Rad8 {[%clk 0:44:17]} 23. Red1
{[%clk 0:48:56]} Rxd2 {[%clk 0:44:37]} 24. Rxd2 {[%clk 0:49:17]} c4
{[%clk 0:44:38]} 25. Be2 {[%clk 0:48:25]} Nc6 {[%clk 0:39:44]} 26. Rd5 Rd8
{[%clk 0:35:11]} 27. Bg4 {[%clk 0:38:50]} Rxd5 {[%clk 0:33:54]} 28. exd5
{[%clk 0:39:05]} Nd8 {[%clk 0:27:30]} 29. Qf3 {[%clk 0:37:55]} Qd6
{[%clk 0:27:06]} 30. e4 {[%clk 0:35:24]} Nb7 {[%clk 0:23:24]} 31. Qf5
{[%clk 0:31:41]} Qc7 {[%clk 0:17:29]} 32. Kf2 {[%clk 0:17:21]} g6
{[%clk 0:13:12]} 33. Qc8+ {[%clk 0:09:53]} Qxc8 34. Bxc8 {[%clk 0:10:17]} Nc5
{[%clk 0:12:58]} 35. Ke3 {[%clk 0:10:02]} a5 {[%clk 0:11:35]} 36. h4
{[%clk 0:04:27]} Kf8 {[%clk 0:06:55]} 37. Bg4 {[%clk 0:01:49]} Ke7
{[%clk 0:04:40]} 38. Bd1 {[%clk 0:00:57]} Kd6 {[%clk 0:00:40]} 39. g4
{[%clk 0:00:37]} h6 {[%clk 0:00:40]} 40. Bc2 {[%clk 0:30:35]} Nb7
{[%clk 0:30:33]} 41. Bd1 {[%clk 0:23:52]} Nc5 {[%clk 0:24:49]} 42. a3
{[%clk 0:17:11]} a4 {[%clk 0:10:01]} 43. Bc2 {[%clk 0:14:44]} Nd7
{[%clk 0:10:05]} 44. Bd1 {[%clk 0:14:54]} Nf6 {[%clk 0:10:29]} 45. Be2
{[%clk 0:14:59]} Ne8 {[%clk 0:10:17]} 46. Bf1 {[%clk 0:09:18]} Ng7
{[%clk 0:07:34]} 47. Bh3 {[%clk 0:09:26]} h5 {[%clk 0:06:18]} 48. g5
{[%clk 0:09:46]} Ne8 {[%clk 0:06:32]} 49. Bc8 {[%clk 0:08:28]} Kc7
{[%clk 0:06:33]} 50. Bh3 {[%clk 0:08:51]} Nd6 {[%clk 0:06:48]} 51. Kf3
{[%clk 0:08:58]} Nb7 {[%clk 0:05:43]} 52. Ke3 {[%clk 0:08:53]} Kd6
{[%clk 0:05:35]} 53. Kf3 {[%clk 0:06:54]} Ke7 {[%clk 0:05:37]} 54. Ke3
{[%clk 0:07:05]} Nc5 {[%clk 0:04:20]} 55. Bf1 {[%clk 0:07:26]} f6
{[%clk 0:04:23]} 56. gxf6+ {[%clk 0:07:42]} Kxf6 {[%clk 0:04:50]} 57. Bh3
{[%clk 0:07:35]} Nb7 {[%clk 0:03:08]} 58. Bc8 {[%clk 0:06:58]} Nd6
{[%clk 0:03:16]} 59. Bd7 {[%clk 0:07:15]} g5 {[%clk 0:02:37]} 60. hxg5+
{[%clk 0:07:32]} Kxg5 {[%clk 0:03:06]} 61. Kf3 {[%clk 0:07:41]} Kf6
{[%clk 0:03:19]} 62. Ke3 {[%clk 0:07:03]} Ke7 {[%clk 0:03:25]} 63. Bc6
{[%clk 0:06:33]} Kd8 {[%clk 0:01:58]} 64. Kf3 {[%clk 0:06:55]} Kc7
{[%clk 0:02:03]} 65. Ke3 {[%clk 0:05:32]} Kb6 {[%clk 0:00:44]} 66. Kf3
{[%clk 0:05:41]} Kc5 {[%clk 0:00:52]} 67. Ke3 {[%clk 0:05:47]} h4
{[%clk 0:00:56]} 68. Bd7 {[%clk 0:05:14]} Nf7 {[%clk 0:00:51]} 69. Be8
{[%clk 0:01:13]} h3 {[%clk 0:00:32]} 70. Kf2 {[%clk 0:01:36]} Ng5
{[%clk 0:00:32]} 71. Bg6 {[%clk 0:01:56]} h2 {[%clk 0:00:31]} 72. Kg2
{[%clk 0:02:18]} Nf3 {[%clk 0:00:56]} 73. Be8 {[%clk 0:01:35]} Ne1+
{[%clk 0:00:50]} 74. Kxh2 {[%clk 0:02:00]} Nd3 {[%clk 0:01:18]} 75. d6
{[%clk 0:00:53]} Kxd6 {[%clk 0:01:46]} 76. Bxb5 {[%clk 0:01:19]} Nxb2
{[%clk 0:02:13]} 77. Kg3 {[%clk 0:01:35]} Kc5 {[%clk 0:02:25]} 78. Be8
{[%clk 0:01:55]} Nd1 {[%clk 0:02:48]} 79. Bxa4 {[%clk 0:02:19]} Nxc3
{[%clk 0:03:15]} 80. Bc2 {[%clk 0:02:40]} Nb5 {[%clk 0:02:59]} 81.

[Event "Azerbaijan Chess Championship2015 - Men"]
[Site ""]
[Date "2015.01.08"]
[Round "3"]
[Board "3"]
[White "Durarbayli, Vasif"]
[Black "Guliev, Logman"]
[Result "1-0"]
[WhiteElo "2635"]
[BlackElo "2385"]
[PlyCount "0"]
[EventDate "2015.01.06"]
[EventRounds "9"]
[EventCountry "AZE"]

1. e4 {[%clk 1:30:54]} c5 {[%clk 1:30:53]} 2. Nf3 {[%clk 1:31:15]} d6
{[%clk 1:31:17]} 3. d4 {[%clk 1:31:40]} cxd4 {[%clk 1:31:40]} 4. Nxd4
{[%clk 1:32:07]} Nf6 {[%clk 1:31:59]} 5. Nc3 {[%clk 1:32:30]} a6 {[%clk 1:32:22]}
6. Be3 {[%clk 1:32:55]} e5 {[%clk 1:30:23]} 7. Nb3 {[%clk 1:32:56]} Be7
{[%clk 1:30:39]} 8. h3 {[%clk 1:30:58]} Be6 {[%clk 1:28:47]} 9. f4
{[%clk 1:30:28]} exf4 {[%clk 1:20:00]} 10. Bxf4 {[%clk 1:30:49]} Nc6
{[%clk 1:19:49]} 11. Qe2 {[%clk 1:31:04]} Ne5 {[%clk 1:09:08]} 12. O-O-O
{[%clk 1:30:43]} Qc7 {[%clk 1:09:29]} 13. g4 {[%clk 1:29:01]} O-O
{[%clk 1:09:46]} 14. Nd5 {[%clk 1:14:07]} Bxd5 {[%clk 1:04:15]} 15. exd5
{[%clk 1:14:32]} Rac8 {[%clk 1:04:34]} 16. Kb1 {[%clk 1:14:46]} Rfe8 17. g5
{[%clk 1:07:11]} Ng6 {[%clk 0:56:45]} 18. Bc1 {[%clk 1:04:33]} Bd8
{[%clk 0:56:45]} 19. Qh2 {[%clk 1:01:57]} Ne4 {[%clk 0:56:16]} 20. h4
{[%clk 0:53:08]} Ng3 {[%clk 0:55:40]} 21. Bh3 {[%clk 0:49:35]} Nxh1
{[%clk 0:48:11]} 22. h5 {[%clk 0:37:16]} Ne5 {[%clk 0:47:29]} 23. Nd4 Qc4
{[%clk 0:35:55]} 24. Qxh1 {[%clk 0:20:20]} Bb6 {[%clk 0:30:57]} 25. Bxc8
{[%clk 0:17:56]} Rxc8 {[%clk 0:28:08]} 26. b3 {[%clk 0:18:01]} Qc7
{[%clk 0:24:35]} 27. Qe4 {[%clk 0:17:13]} Bxd4 {[%clk 0:23:49]} 28. Rxd4
{[%clk 0:17:41]} Qc3 {[%clk 0:18:11]} 29. Bf4 {[%clk 0:17:02]} Re8
{[%clk 0:13:33]} 30. Rd1 {[%clk 0:15:21]} Qh3 {[%clk 0:11:40]} 31. h6
{[%clk 0:15:27]} Qg4 {[%clk 0:09:28]} 32. Re1 {[%clk 0:15:51]} Re7
{[%clk 0:08:30]} 33. Qd4 {[%clk 0:12:46]} Re8 {[%clk 0:06:06]} 34. Qb4
{[%clk 0:09:22]} Qh4 {[%clk 0:04:46]} 35. hxg7 {[%clk 0:07:40]} a5
{[%clk 0:03:56]} 36. Qe4 {[%clk 0:08:09]} Re7 {[%clk 0:04:05]} 37. Bxe5
{[%clk 0:06:50]} Qxe4 {[%clk 0:04:23]} 38. Rxe4 {[%clk 0:07:14]} b6
{[%clk 0:01:37]} 39. Kb2 {[%clk 0:04:11]} dxe5 {[%clk 0:01:55]} 40. Kc3
{[%clk 0:33:06]} Kxg7 {[%clk 0:31:39]} 41. Kc4 {[%clk 0:33:05]} f5
{[%clk 0:22:42]} 42. gxf6+ {[%clk 0:33:14]} Kxf6 {[%clk 0:23:11]} 43. Kb5
{[%clk 0:32:02]} Kf5 {[%clk 0:11:13]} 44. Re1 {[%clk 0:32:24]} e4
{[%clk 0:09:47]} 45. Kxb6 {[%clk 0:27:57]} Ke5 {[%clk 0:09:19]} 46. c4
{[%clk 0:28:03]} Kd6 {[%clk 0:03:42]} 47. Rd1 {[%clk 0:27:56]} e3
{[%clk 0:04:03]} 48. c5+ {[%clk 0:28:22]} Ke5 {[%clk 0:02:19]} 49. d6
{[%clk 0:28:42]} Re6 {[%clk 0:01:43]} 50. Kc7 {[%clk 0:28:58]} 1-0

[Event "Azerbaijan Chess Championship2015 - Men"]
[Site ""]
[Date "2015.01.08"]
[Round "3"]
[Board "4"]
[White "Mirzoev, Azer"]
[Black "Guseinov, Gadir"]
[Result "1/2-1/2"]
[WhiteElo "2549"]
[BlackElo "2610"]
[PlyCount "0"]
[EventDate "2015.01.06"]
[EventRounds "9"]
[EventCountry "AZE"]

1. d4 {[%clk 1:19:19]} Nf6 {[%clk 1:29:09]} 2. c4 {[%clk 1:19:18]} g6
{[%clk 1:29:32]} 3. Nc3 {[%clk 1:19:09]} Bg7 {[%clk 1:29:52]} 4. Nf3
{[%clk 1:16:43]} d6 {[%clk 1:27:15]} 5. e4 {[%clk 1:16:38]} O-O {[%clk 1:27:37]}
6. Be2 {[%clk 1:16:51]} Bg4 {[%clk 1:27:15]} 7. Be3 {[%clk 1:13:32]} Nfd7
{[%clk 1:26:03]} 8. Qb3 {[%clk 1:01:24]} Nc6 {[%clk 1:19:24]} 9. Qxb7 Nb6
{[%clk 1:13:55]} 10. Qxc6 {[%clk 0:45:21]} Bd7 {[%clk 1:14:00]} 11. Qb7
{[%clk 0:45:26]} Bc8 {[%clk 1:14:11]} 12. Qc6 {[%clk 0:45:34]} Bd7
{[%clk 1:14:33]} 13. Qb7 {[%clk 0:45:50]} Bc8 {[%clk 1:14:57]} 14. Qc6
{[%clk 0:45:56]} Bd7 1/2-1/2